<?xml version="1.0" encoding="UTF-8"?>
<record
    xmlns:xsi="http://www.w3.org/2001/XMLSchema-instance"
    xsi:schemaLocation="http://www.loc.gov/MARC21/slim http://www.loc.gov/standards/marcxml/schema/MARC21slim.xsd"
    xmlns="http://www.loc.gov/MARC21/slim">

  <leader>00379nam a22001337a 4500</leader>
  <datafield tag="999" ind1=" " ind2=" ">
    <subfield code="c">8569</subfield>
    <subfield code="d">8569</subfield>
  </datafield>
  <controlfield tag="008">200318b           ||||| |||| 00| 0 eng d</controlfield>
  <datafield tag="020" ind1=" " ind2=" ">
    <subfield code="a">9789388902755</subfield>
  </datafield>
  <datafield tag="100" ind1=" " ind2=" ">
    <subfield code="a"> Chaurasia, B.D.</subfield>
  </datafield>
  <datafield tag="245" ind1=" " ind2=" ">
    <subfield code="a">Chaurasia Human Anatomy (Heat and Net)</subfield>
  </datafield>
  <datafield tag="250" ind1=" " ind2=" ">
    <subfield code="a">8th</subfield>
    <subfield code="b">2019</subfield>
  </datafield>
  <datafield tag="260" ind1=" " ind2=" ">
    <subfield code="a">New Delhi</subfield>
    <subfield code="b">CBS Publishers &amp; Distributors</subfield>
  </datafield>
  <datafield tag="650" ind1=" " ind2=" ">
    <subfield code="a">Human Anatomy and Physiology</subfield>
  </datafield>
  <datafield tag="942" ind1=" " ind2=" ">
    <subfield code="2">ddc</subfield>
    <subfield code="c">BK</subfield>
    <subfield code="0">1</subfield>
  </datafield>
  <datafield tag="952" ind1=" " ind2=" ">
    <subfield code="0">0</subfield>
    <subfield code="1">0</subfield>
    <subfield code="2">ddc</subfield>
    <subfield code="4">0</subfield>
    <subfield code="7">0</subfield>
    <subfield code="8">BP</subfield>
    <subfield code="a">PIET</subfield>
    <subfield code="b">PIET</subfield>
    <subfield code="d">2020-01-07</subfield>
    <subfield code="e">Kirti Prakashan</subfield>
    <subfield code="f">IN Rupees</subfield>
    <subfield code="g">795.00</subfield>
    <subfield code="h">3rd</subfield>
    <subfield code="k">IN5980</subfield>
    <subfield code="l">1</subfield>
    <subfield code="o">612 GAH</subfield>
    <subfield code="p">BP232</subfield>
    <subfield code="q">2023-10-31</subfield>
    <subfield code="r">2023-10-17 00:00:00</subfield>
    <subfield code="s">2023-10-17</subfield>
    <subfield code="t">1</subfield>
    <subfield code="v">516.75</subfield>
    <subfield code="w">2020-01-07</subfield>
    <subfield code="y">BK</subfield>
  </datafield>
  <datafield tag="952" ind1=" " ind2=" ">
    <subfield code="0">0</subfield>
    <subfield code="1">0</subfield>
    <subfield code="2">ddc</subfield>
    <subfield code="4">0</subfield>
    <subfield code="7">0</subfield>
    <subfield code="8">BP</subfield>
    <subfield code="a">PIET</subfield>
    <subfield code="b">PIET</subfield>
    <subfield code="d">2020-01-07</subfield>
    <subfield code="e">Kirti Prakashan</subfield>
    <subfield code="f">IN Rupees</subfield>
    <subfield code="g">795.00</subfield>
    <subfield code="h">3rd</subfield>
    <subfield code="k">IN5980</subfield>
    <subfield code="l">0</subfield>
    <subfield code="o">612 GAH</subfield>
    <subfield code="p">BP233</subfield>
    <subfield code="r">2020-03-18 00:00:00</subfield>
    <subfield code="t">2</subfield>
    <subfield code="v">516.75</subfield>
    <subfield code="w">2020-01-07</subfield>
    <subfield code="y">BK</subfield>
  </datafield>
  <datafield tag="952" ind1=" " ind2=" ">
    <subfield code="0">0</subfield>
    <subfield code="1">0</subfield>
    <subfield code="2">ddc</subfield>
    <subfield code="4">0</subfield>
    <subfield code="7">0</subfield>
    <subfield code="8">BP</subfield>
    <subfield code="a">PIET</subfield>
    <subfield code="b">PIET</subfield>
    <subfield code="d">2020-01-07</subfield>
    <subfield code="e">Kirti Prakashan</subfield>
    <subfield code="f">IN Rupees</subfield>
    <subfield code="g">795.00</subfield>
    <subfield code="h">3rd</subfield>
    <subfield code="k">IN5980</subfield>
    <subfield code="l">0</subfield>
    <subfield code="o">612 GAH</subfield>
    <subfield code="p">BP234</subfield>
    <subfield code="r">2020-03-18 00:00:00</subfield>
    <subfield code="t">3</subfield>
    <subfield code="v">516.75</subfield>
    <subfield code="w">2020-01-07</subfield>
    <subfield code="y">REF</subfield>
  </datafield>
  <datafield tag="952" ind1=" " ind2=" ">
    <subfield code="0">0</subfield>
    <subfield code="1">0</subfield>
    <subfield code="2">ddc</subfield>
    <subfield code="4">0</subfield>
    <subfield code="7">0</subfield>
    <subfield code="8">BP</subfield>
    <subfield code="a">PIET</subfield>
    <subfield code="b">PIET</subfield>
    <subfield code="d">2020-01-07</subfield>
    <subfield code="e">Kirti Prakashan</subfield>
    <subfield code="f">IN Rupees</subfield>
    <subfield code="g">1400.00</subfield>
    <subfield code="h">4th</subfield>
    <subfield code="k">IN5980</subfield>
    <subfield code="l">1</subfield>
    <subfield code="o">612 GAH</subfield>
    <subfield code="p">BP279</subfield>
    <subfield code="r">2023-04-17 00:00:00</subfield>
    <subfield code="s">2023-03-29</subfield>
    <subfield code="t">1</subfield>
    <subfield code="v">1120.00</subfield>
    <subfield code="w">2020-01-07</subfield>
    <subfield code="y">BK</subfield>
  </datafield>
  <datafield tag="952" ind1=" " ind2=" ">
    <subfield code="0">0</subfield>
    <subfield code="1">0</subfield>
    <subfield code="2">ddc</subfield>
    <subfield code="4">0</subfield>
    <subfield code="7">0</subfield>
    <subfield code="8">BP</subfield>
    <subfield code="a">PIET</subfield>
    <subfield code="b">PIET</subfield>
    <subfield code="d">2020-01-07</subfield>
    <subfield code="e">Kirti Prakashan</subfield>
    <subfield code="f">IN Rupees</subfield>
    <subfield code="g">1400.00</subfield>
    <subfield code="h">4th</subfield>
    <subfield code="k">IN5980</subfield>
    <subfield code="l">2</subfield>
    <subfield code="o">612 GAH</subfield>
    <subfield code="p">BP280</subfield>
    <subfield code="r">2023-04-12 00:00:00</subfield>
    <subfield code="s">2023-03-29</subfield>
    <subfield code="t">2</subfield>
    <subfield code="v">1120.00</subfield>
    <subfield code="w">2020-01-07</subfield>
    <subfield code="y">BK</subfield>
  </datafield>
  <datafield tag="952" ind1=" " ind2=" ">
    <subfield code="0">0</subfield>
    <subfield code="1">0</subfield>
    <subfield code="2">ddc</subfield>
    <subfield code="4">0</subfield>
    <subfield code="7">0</subfield>
    <subfield code="8">BP</subfield>
    <subfield code="a">PIET</subfield>
    <subfield code="b">PIET</subfield>
    <subfield code="d">2020-01-07</subfield>
    <subfield code="e">Kirti Prakashan</subfield>
    <subfield code="f">IN Rupees</subfield>
    <subfield code="g">1400.00</subfield>
    <subfield code="h">4</subfield>
    <subfield code="k">IN5980</subfield>
    <subfield code="l">0</subfield>
    <subfield code="o">612 GAH</subfield>
    <subfield code="p">BP281</subfield>
    <subfield code="r">2020-03-19 00:00:00</subfield>
    <subfield code="t">3</subfield>
    <subfield code="v">1120.00</subfield>
    <subfield code="w">2020-01-07</subfield>
    <subfield code="y">REF</subfield>
  </datafield>
</record>
